| 000 | 00948cad a22002055a 4500 | ||
|---|---|---|---|
| 001 | L146318 | ||
| 008 | 090109s2008 xxkabdof s 000 0 eng d | ||
| 035 | _a(Sirsi) u146318 | ||
| 041 | 0 | _aeng | |
| 050 | 0 | 4 | _a333.33 $2 18 |
| 110 | 2 |
_aColliers International _95548 |
|
| 245 | 0 | 0 |
_aEMEA property guide _b2008-2009 _h[electronic resource] |
| 260 |
_a[S.l.] _bColliers International _c2008 |
||
| 520 | _a2008-2009 edition of this annual publication covering the prospects of the commercial property market within the EMEA details sale and leasing standards conditions and the measuring approach adopted in the commercial property sector in different countries. Includes a short glossary of terms. | ||
| 590 | _aKA NTK | ||
| 651 | 4 | _aEurope | |
| 690 | _aPROPERTY-COMMERCIAL PROPERTY-COMMERCIAL PROPERTY MARKET | ||
| 856 | 4 | 0 |
_uhttps://www.colliers.com/Markets/EMEA/MarketReports/ _zView the report free of charge at www.colliers.com... |
| 942 | _n0 | ||
| 999 |
_c109112 _d109112 |
||